00509 2200181 4500001002100000005001500021008004100036020001800077035001900095041000700114082001000121090001600131100001300147245005800160260006000218300002800278650002100306INLIS00000000000230720241224112519241224||||||||| | ||| |||| || |  a979-8698-14-2 0010-1224002307 aen0 a608.7 a608.7 BUD e0 aBudianto00aEcomap : Pengembangan Wisata di Wilayah Cagar Biosfer aBogorbBalai Taman Nasional Gunung Gede Pangrangoc2006 a24 hlm.; ilus.: 21,5 cm 0aIlmu Pengetahuan